| 000 | 01425cam a2200373 i 4500 | ||
|---|---|---|---|
| 999 |
_c29259 _d29230 |
||
| 001 | 20495327 | ||
| 003 | EG-ScBUE | ||
| 005 | 20210727111036.0 | ||
| 008 | 180427s2018 enk f b 001 0 eng d | ||
| 020 | _a9781138588592 (pbk : alk. paper) | ||
| 040 |
_aDLC _beng _erda _cDLC _dDLC _dEG-ScBUE |
||
| 043 | _af------ | ||
| 082 | 0 | 4 |
_a306.42096 _bNDL _222 |
| 100 | 1 |
_aNdlovu-Gatsheni, Sabelo J., _eauthor. |
|
| 245 | 1 | 0 |
_aEpistemic freedom in Africa : _bdeprovincialization and decolonization / _cSabelo J. Ndlovu-Gatsheni. |
| 264 | 1 |
_aLondon ; _aNew York : _bRoutledge, Taylor & Francis Group, _c2018. |
|
| 300 |
_axvi, 266 pages ; _c25 cm. |
||
| 336 |
_atext _2rdacontent _btxt |
||
| 337 |
_aunmediated _2rdamedia _bn |
||
| 338 |
_avolume _2rdacarrier _bnc |
||
| 490 | 0 | _aRethinking development | |
| 504 | _aIncludes bibliographical references and index. | ||
| 650 | 7 |
_aDecolonization _zAfrica. _2BUEsh |
|
| 650 | 7 |
_aSocial epistemology _zAfrica. _2BUEsh |
|
| 650 | 7 |
_aEducation _zAfrica. _2BUEsh |
|
| 651 | 7 |
_aAfrica _xIntellectual life. _2BUEsh |
|
| 651 | 7 |
_aAfrica _xColonial influence. _2BUEsh |
|
| 653 |
_bGGEN _cJuly2021 |
||
| 655 |
_vReading book _934232 |
||
| 906 |
_a7 _bcbc _corignew _d1 _eecip _f20 _gy-gencatlg |
||
| 942 |
_2ddc _cBB |
||